| 000 | 00849nam a2200241 a 4500 | ||
|---|---|---|---|
| 001 | BRL_1788 | ||
| 005 | 20190320211352.0 | ||
| 008 | 300715s19uu----mx-a######---#000-0#spa-# | ||
| 041 | _aspa | ||
| 044 | _amx | ||
| 050 | 4 |
_aPC4832 _b.R63 1900 |
|
| 100 | 1 |
_aRobelo, Cecilio Agustín _d1839-1916 _927880 |
|
| 245 | 1 | 0 |
_aDiccionario de aztequismos o sea jadin de las raices aztecas _bpalabras del idioma nahuatl, azteca o mexicano, introducidas al idioma castellano bajo diversas formas (contribución al diccionario nacional) _cCecilio A. Robelo. |
| 250 | _a3a ed. | ||
| 260 |
_aMéxico _bFuente cultural _c[19--] |
||
| 300 |
_a548 p. _bil. _c23 cm. |
||
| 440 | 0 |
_aColección Daniel _927881 |
|
| 500 | _aAu1966 | ||
| 500 | _aEstado físico: lomo despegado | ||
| 650 | 1 | 4 |
_aNáhuatl _vDiccionarios _xEspañol _927882 |
| 902 | _aGRL | ||
| 942 |
_2lcc _cB |
||
| 999 |
_c10596 _d10596 |
||